| 000 | 00558nam a2200229Ia 4500 | ||
|---|---|---|---|
| 003 | OSt | ||
| 005 | 20220924133929.0 | ||
| 006 | a|||||r|||| 00| 0 | ||
| 007 | ta | ||
| 008 | 220923b |||||||| |||| 00| 0 snd d | ||
| 024 | _a271164 | ||
| 037 | _cTextual | ||
| 040 |
_aARTS _cARTS _bsnd |
||
| 041 |
_2snd _asnd |
||
| 082 | _aB1, 1593K0 | ||
| 100 |
_aOchani P M _9207701 |
||
| 245 | 0 | _aSawalo angi hisabni jo kitabu | |
| 260 | _c1960 | ||
| 300 |
_a134p. _ccm. |
||
| 942 |
_hB1, 1593K0 _cTEXL _2CC |
||
| 999 |
_c435786 _d435786 |
||